| 000 | 00737cam a2200229 a 4500 | ||
|---|---|---|---|
| 001 | 14616558 | ||
| 005 | 20240129051032.0 | ||
| 008 | 061031s2005 ce a 000 0 eng | ||
| 020 | _a9551274039 | ||
| 040 |
_aDLC _cDLC _dDLC |
||
| 082 |
_222 _a305.8 |
||
| 245 | 0 | 2 |
_aA glimpse of the north : _bimpressions of southern journalists / _c[edited by Shantha Mahindapala Dunukevila]. |
| 260 |
_aColombo : _bNational Peace Council of Sri Lanka, _c2005. |
||
| 300 | _a164 p. : | ||
| 500 | _a"Funded by Danish Development Co-operation (DANIDA)." | ||
| 650 | 0 | _aTamil (Indic people) | |
| 650 | 0 | _aPeace-building | |
| 650 | 0 | _aTamil (Indic people) | |
| 650 | 0 | _aEthnic conflict | |
| 700 | 1 |
_aDunukevila, Shantha Mahindapala. _eedt |
|
| 942 | _cL | ||
| 999 |
_c210 _d210 |
||